Top 50 Most Streamed Kanye West Songs - Statistics

General Stats
  • This quiz has been taken 152 times
  • The average score is 27 of 50
Answer Stats
Hint Answer % Correct
4 Flashing Lights
88%
5 Flashing Lights
88%
1 Heartless
85%
11 Runaway
85%
3 Stronger
83%
7 Gold Digger
82%
8 Bound 2
77%
13 All Falls Down
76%
12 Homecoming
75%
14 All Of The Lights
73%
18 CARNIVAL
73%
10 I Wonder
73%
2 Niggas In Paris
73%
9 POWER
71%
21 Ghost Town
70%
23 Devil In A New Dress
69%
36 Good Morning
64%
33 Through The Wire
63%
15 Violent Crimes
63%
16 Can't Tell Me Nothing
62%
6 Father Stretch My Hands Pt. 1
61%
32 Touch The Sky
59%
46 Champion
58%
42 Jesus Walks
58%
26 Good Life
54%
34 Monster
53%
44 No More Parties In LA
53%
20 Famous
50%
29 No Church In The Wild
49%
19 Black Skinhead
47%
43 Wolves
47%
30 Hurricane
46%
25 Praise God
46%
28 Follow God
45%
45 Otis
45%
47 Everything I Am
44%
37 Moon
41%
27 Waves
41%
35 Ultralight Beam
39%
24 All Mine
38%
41 Off The Grid
37%
17 I Love It
33%
49 Fade
30%
31 Mercy
24%
48 Father Stretch My Hands Pt. 2
16%
39 True Love
15%
22 Run This Town
14%
50 Don't Like.1
13%
38 Clique
8%
40 Champions
6%
No matching quizzes found
Score Distribution
Percent of People with Each Score
Percentile by Number Answered
Your Score History
You have not taken this quiz